000 00649nam a2200205 i 4500
001 25737
003 ES-MaACL
005 20250805063226.0
007 t|
008 030102s1978 sp ||||1| spa d
100 0 _aAristóteles
_922861
245 1 0 _aAcerca del alma /
_cAristóteles ; introducción, traducción y notas de Tomás Calvo Martínez.
260 _a[Madrid] :
_bGredos,
_c[1978]
300 _a262 p. ;
_c20 cm.
490 1 _aBiblioteca clásica Gredos
700 1 _aCalvo Martínez, Tomás.
_933895
830 0 _aBiblioteca clásica Gredos
_9177556
852 _aES-MaACL
_jA-9832
_bR.98571
999 _c25737
_d25737